[Event "European Rapid 2015"]
[Site "Minsk BLR"]
[Date "2015.12.19"]
[Round "3.16"]
[White "Smirnov, Valerij"]
[Black "Motylev, Alexander"]
[Result "0-1"]
[WhiteTitle "IM"]
[BlackTitle "GM"]
[WhiteElo "2298"]
[BlackElo "2653"]
[WhiteFideId "13500350"]
[BlackFideId "4121830"]
[EventDate "2015.12.19"]

1. d4 d5 2. Nf3 Nf6 3. c4 c6 4. e3 Bf5 5. Nc3 e6 6. Nh4 Bg6 7. g3 Nbd7 8. Nxg6
hxg6 9. Bg2 dxc4 10. Qe2 Nb6 11. O-O Bb4 12. Rd1 Nfd5 13. Bd2 Bxc3 14. bxc3 Na4
15. Rdc1 b5 16. e4 Ne7 17. Rc2 Qd7 18. Rb1 Rd8 19. h4 c5 20. Be3 cxd4 21. cxd4
O-O 22. h5 a6 23. hxg6 Nxg6 24. e5 f5 25. exf6 gxf6 26. Qg4 Kf7 27. Re1 Rh8 28.
Qe4 Qd5 29. Qg4 Qh5 30. Qe4 Qd5 31. Qg4 Qf5 32. Qxf5 exf5 33. d5 Rhe8 34. Rd1
Ne5 35. Bd4 Nd3 36. Kf1 Nb4 37. Rcc1 Nxd5 38. Bf3 Kg6 39. Re1 Rxe1+ 40. Rxe1 Nb4
41. Ba1 c3 0-1

[Event "European Rapid 2015"]
[Site "Minsk BLR"]
[Date "2015.12.19"]
[Round "3.17"]
[White "Bordovsky, Vladimir"]
[Black "Milov, Vadim"]
[Result "0-1"]
[BlackTitle "GM"]
[WhiteElo "2380"]
[BlackElo "2615"]
[WhiteFideId "14118467"]
[BlackFideId "1304364"]
[EventDate "2015.12.19"]

1. c4 Nf6 2. Nc3 g6 3. g3 Bg7 4. Bg2 O-O 5. d4 d6 6. e4 e5 7. d5 c6 8. Nge2 cxd5
9. cxd5 Na6 10. O-O Bd7 11. a3 Nh5 12. Kh1 f5 13. f4 Nc5 14. fxe5 Bxe5 15. Bh6
Ng7 16. exf5 Rxf5 17. Bf4 Qe7 18. b4 Na4 19. Bxe5 Rxe5 20. Nxa4 Rxe2 21. Nc3 Re3
22. Qd2 Nf5 23. Rae1 Re8 24. Rxe3 Qxe3 25. Qxe3 Rxe3 26. Rf3 Re5 27. Kg1 Kg7 28.
Kf2 Nd4 29. Rf4 Nc2 30. a4 Ne3 31. Re4 Ng4+ 32. Kg1 Kf6 33. h3 Ne3 34. Kf2 Nf5
35. g4 Nh4 36. Kg3 Nxg2 37. Kxg2 Rxe4 38. Nxe4+ Ke5 39. Ng5 h5 40. Kg3 hxg4 41.
hxg4 Bxa4 42. Nf7+ Kxd5 43. Kf4 Bc2 44. Ke3 b6 45. Kd2 Bb1 46. Kc3 Be4 47. Ng5
Bg2 48. Nh7 Ke5 49. Nf8 Be4 50. Nd7+ Ke6 51. Nf8+ Kd5 52. Nd7 Ke6 53. Nf8+ Kf6
54. Nh7+ Ke5 55. Nf8 g5 56. Nd7+ Ke6 57. Nf8+ Ke7 58. Kd4 0-1

[Event "European Rapid 2015"]
[Site "Minsk BLR"]
[Date "2015.12.19"]
[Round "3.18"]
[White "Lobanov, Sergei"]
[Black "Alekseev, Evgeny"]
[Result "1-0"]
[BlackTitle "GM"]
[WhiteElo "2457"]
[BlackElo "2642"]
[WhiteFideId "24183750"]
[BlackFideId "4138147"]
[EventDate "2015.12.19"]

1. e4 c5 2. Nf3 Nc6 3. d4 cxd4 4. Nxd4 Qb6 5. Nb3 Nf6 6. Nc3 e6 7. Be3 Qc7 8. f4
Bb4 9. Bd3 e5 10. O-O Bxc3 11. bxc3 d6 12. Kh1 O-O 13. f5 d5 14. exd5 Nxd5 15.
f6 g6 16. Qe1 Kh8 17. Bh6 Rg8 18. Qh4 b6 19. c4 Ndb4 20. Be4 Be6 21. a3 Na6 22.
Bd5 Rae8 23. Rae1 Nc5 24. Nxc5 bxc5 25. Bg7+ Rxg7 26. fxg7+ Kxg7 27. Qf6+ Kg8
28. Bxc6 Qxc6 29. Rxe5 Rc8 30. Rd1 Qb6 31. Re4 Bf5 32. Qxb6 axb6 33. Re3 Rc6 34.
c3 Kg7 35. Kg1 Be6 36. Red3 Rc7 37. Rd6 Ra7 38. Ra1 Ra6 39. a4 Bxc4 40. a5 Rxa5
41. Rxa5 bxa5 42. Rc6 a4 43. Rxc5 Bb3 44. Ra5 f5 45. Kf2 Kf6 46. Ke3 g5 47. Kd4
f4 48. c4 g4 49. c5 Ke6 50. Ke4 Bd5+ 51. Kxf4 Bc6 52. Kxg4 Kd5 53. Kf4 Kc4 54.
Ke3 Kb4 55. Ra7 Bxg2 56. Rxh7 Kxc5 57. h4 a3 58. Ra7 Kb4 59. h5 Bh3 60. Kf4 Bf1
61. Ke3 Bh3 62. Ke4 Be6 63. h6 Bg8 64. Kf5 Bc4 65. Ke4 Bg8 66. Kf5 Bc4 67. Ke4
Bg8 68. Kd3 Be6 69. Kd2 Bf5 70. h7 1-0

[Event "European Rapid 2015"]
[Site "Minsk BLR"]
[Date "2015.12.19"]
[Round "3.19"]
[White "Stupak, Kirill"]
[Black "Kazakovskiy, Valeriy"]
[Result "1-0"]
[WhiteTitle "GM"]
[BlackTitle "IM"]
[WhiteElo "2542"]
[BlackElo "2342"]
[WhiteFideId "13503758"]
[BlackFideId "13507443"]
[EventDate "2015.12.19"]

1. d4 Nf6 2. g3 c5 3. d5 b5 4. a4 b4 5. c4 d6 6. b3 g6 7. Bb2 Bg7 8. Nd2 O-O 9.
Bg2 Bb7 10. e4 e5 11. Ne2 Nh5 12. Qc2 Bc8 13. O-O f5 14. f4 Nd7 15. Bf3 fxe4 16.
Nxe4 Qe7 17. Ng5 exf4 18. Ne6 fxg3 19. Bxh5 Rxf1+ 20. Rxf1 gxh2+ 21. Kh1 Bxb2
22. Qxb2 Ne5 23. Rf8+ Qxf8 24. Nxf8 Kxf8 25. Qd2 Kg7 26. Ng3 Bd7 27. Bd1 Rf8 28.
Kxh2 Bg4 29. Bxg4 Rf2+ 30. Qxf2 Nxg4+ 31. Kg2 Nxf2 32. Kxf2 Kf6 33. Ne4+ Ke5 34.
Ng5 Kd4 35. Nf7 Kc3 36. Nxd6 Kxb3 37. Ne4 Kc2 38. Nxc5 1-0

[Event "European Rapid 2015"]
[Site "Minsk BLR"]
[Date "2015.12.19"]
[Round "3.20"]
[White "Zvjaginsev, Vadim"]
[Black "Babikov, Ivan"]
[Result "1-0"]
[WhiteTitle "GM"]
[BlackTitle "FM"]
[WhiteElo "2662"]
[BlackElo "2301"]
[WhiteFideId "4113403"]
[BlackFideId "4161106"]
[EventDate "2015.12.19"]

1. e4 e5 2. Nf3 Nc6 3. g3 d6 4. Bg2 Bg4 5. h3 Be6 6. d4 exd4 7. Nxd4 Nxd4 8.
Qxd4 Be7 9. Nc3 Nf6 10. O-O Qd7 11. Kh2 c6 12. Bf4 Nh5 13. Be3 Bf6 14. Qd2 O-O
15. Rad1 Rfd8 16. f4 Qc7 17. g4 Bxc3 18. Qxc3 Nf6 19. f5 Bc8 20. Bf4 Ne8 21. Rd2
a5 22. Rfd1 Ra6 23. Qg3 c5 24. e5 Qb6 25. exd6 Bd7 26. c4 a4 27. Bg5 Rc8 28. Be7
Qa7 29. g5 g6 30. fxg6 hxg6 31. Qh4 Qb8 32. Kg1 b5 33. Qh6 Rcc6 1-0

[Event "European Rapid 2015"]
[Site "Minsk BLR"]
[Date "2015.12.19"]
[Round "3.21"]
[White "Bortnyk, Olexandr"]
[Black "Reprintsev, Alexander"]
[Result "1-0"]
[WhiteTitle "GM"]
[BlackTitle "IM"]
[WhiteElo "2552"]
[BlackElo "2321"]
[WhiteFideId "14120828"]
[BlackFideId "14100541"]
[EventDate "2015.12.19"]

1. d4 d5 2. Nc3 g6 3. Bf4 Bg7 4. Qd2 Nc6 5. Nb5 e5 6. dxe5 a6 7. Nd4 Nxe5 8. e3
Ne7 9. Be2 O-O 10. Rd1 c5 11. Nb3 Qb6 12. c3 Bf5 13. Nf3 Nc4 14. Qc1 Rad8 15.
O-O h6 16. Rfe1 Rfe8 17. h3 Nc6 18. e4 dxe4 19. Bxc4 exf3 20. g4 Rxe1+ 21. Rxe1
Bd3 22. Bxd3 Rxd3 23. Bxh6 c4 24. Bxg7 Kxg7 25. Nd2 Qc5 26. Ne4 Qe5 27. Ng3 Qf6
28. g5 Qd6 29. h4 f5 30. gxf6+ Qxf6 31. Re4 Ne5 32. Qe1 Rd5 33. Qe3 b5 34. h5 g5
35. Rd4 Rxd4 36. cxd4 Nd3 37. d5 Ne5 38. d6 Kh6 39. Qd4 Qf4 40. Qd5 Qc1+ 41. Nf1
Qxb2 42. d7 Nxd7 43. Qxd7 Kxh5 44. Qh7+ Kg4 45. Ne3+ 1-0

[Event "European Rapid 2015"]
[Site "Minsk BLR"]
[Date "2015.12.19"]
[Round "3.22"]
[White "Sysolyatin, Evgeny"]
[Black "Sakaev, Konstantin"]
[Result "0-1"]
[WhiteTitle "FM"]
[BlackTitle "GM"]
[WhiteElo "2289"]
[BlackElo "2594"]
[WhiteFideId "4154916"]
[BlackFideId "4104226"]
[EventDate "2015.12.19"]

1. e4 c5 2. Nf3 d6 3. d4 cxd4 4. Nxd4 Nf6 5. Bd3 Nc6 6. Nxc6 bxc6 7. c4 g6 8.
Nc3 Bg7 9. O-O O-O 10. Qc2 Nd7 11. Bd2 Ne5 12. Be2 c5 13. Be3 Nc6 14. Qd2 Re8
15. Rfd1 Bb7 16. Bd3 Qa5 17. a3 Bxc3 18. bxc3 Ne5 19. Bf4 Nxd3 20. Qxd3 Qa4 21.
e5 d5 22. Be3 dxc4 23. Qd7 Bc6 24. Qg4 Qb3 25. Rdc1 Rac8 26. h4 h5 27. Qg5 Bd7
28. f3 Qb7 29. Rf1 Be6 30. g4 hxg4 31. h5 gxf3 32. hxg6 Qe4 33. gxf7+ Kxf7 34.
Qh5+ Qg6+ 35. Qxg6+ Kxg6 36. Rxf3 Bd5 37. Rf4 Rh8 38. Raf1 Rh1+ 39. Kf2 Rh2+ 40.
Ke1 Rb8 41. R4f2 Rb1+ 42. Ke2 Rb2+ 43. Ke1 Rb1+ 44. Ke2 Rxf2+ 45. Rxf2 Rb5 46.
Rf8 e6 47. Rc8 Rb2+ 48. Bd2 Ra2 49. Rxc5 Rxa3 50. Ke3 Kf5 51. Kd4 Ra2 52. Bh6
Rh2 53. Bg7 Rd2+ 54. Ke3 Rd3+ 55. Ke2 Rxc3 56. Ra5 Ke4 57. Kd2 Rg3 58. Bf6 Kd4
59. Rxa7 c3+ 60. Ke2 Rg2+ 61. Kf1 Kd3 62. Rc7 c2 63. Be7 Rg7 0-1

[Event "European Rapid 2015"]
[Site "Minsk BLR"]
[Date "2015.12.19"]
[Round "3.23"]
[White "Huzman, Alexander"]
[Black "Naboka, Sergey"]
[Result "1-0"]
[WhiteTitle "GM"]
[BlackTitle "FM"]
[WhiteElo "2581"]
[BlackElo "2266"]
[WhiteFideId "2803828"]
[BlackFideId "14123452"]
[EventDate "2015.12.19"]

1. d4 Nf6 2. Nf3 e6 3. c4 b6 4. g3 Bb7 5. Bg2 Be7 6. Nc3 O-O 7. Qc2 Na6 8. O-O
c5 9. d5 exd5 10. Ng5 Nb4 11. Qd1 Ne4 12. Ngxe4 dxe4 13. a3 Na6 14. Nxe4 Nc7 15.
Qd3 Qc8 16. Nd6 Bxd6 17. Bxb7 Qxb7 18. Qxd6 Rfe8 19. Be3 Ne6 20. Rfd1 Rad8 21.
Rd2 Qe4 22. b3 h5 23. Qd5 Qg4 24. Rad1 h4 25. Qf3 Qg6 26. g4 d6 27. h3 Re7 28.
Kf1 Kh7 29. Qf5 Red7 30. Rd3 Qxf5 31. gxf5 Nc7 32. Bf4 Ne8 33. e4 f6 34. f3 Kg8
35. Be3 Kf7 36. Bf2 Nc7 37. Bxh4 b5 38. e5 bxc4 39. bxc4 Ke7 40. e6 1-0

[Event "European Rapid 2015"]
[Site "Minsk BLR"]
[Date "2015.12.19"]
[Round "3.24"]
[White "Nedilko, Vasily"]
[Black "Azarov, Sergei"]
[Result "0-1"]
[WhiteTitle "IM"]
[BlackTitle "GM"]
[WhiteElo "2397"]
[BlackElo "2595"]
[WhiteFideId "14101459"]
[BlackFideId "13501470"]
[EventDate "2015.12.19"]

1. d4 d5 2. c4 dxc4 3. e3 Nf6 4. Bxc4 a6 5. Nf3 b5 6. Be2 Bb7 7. O-O e6 8. a4 b4
9. Nbd2 c5 10. dxc5 Nbd7 11. c6 Bxc6 12. Nd4 Bd5 13. Bf3 Ne5 14. Bxd5 Qxd5 15.
Qe2 Be7 16. b3 Ne4 17. Nxe4 Qxe4 18. Bb2 Bf6 19. Rfd1 O-O 20. Rac1 h6 21. f3 Qb7
22. Rc2 Rad8 23. Rdc1 Rd7 24. f4 Ng6 25. g3 Ne7 26. Kf2 Bxd4 27. Bxd4 Nf5 28.
Be5 Rfd8 29. g4 Nh4 30. Kg3 g5 31. Rc7 0-1

[Event "European Rapid 2015"]
[Site "Minsk BLR"]
[Date "2015.12.19"]
[Round "3.25"]
[White "Landa, Konstantin"]
[Black "Pletnev, Evgeniy"]
[Result "1/2-1/2"]
[WhiteTitle "GM"]
[WhiteElo "2625"]
[BlackElo "2235"]
[WhiteFideId "4101685"]
[BlackFideId "24104140"]
[EventDate "2015.12.19"]

1. d4 f5 2. g3 Nf6 3. Bg2 d6 4. Nf3 g6 5. O-O Bg7 6. b3 Ne4 7. Bb2 O-O 8. Nbd2
d5 9. c4 c6 10. Ne5 Nxd2 11. Qxd2 dxc4 12. Nxc4 Be6 13. Rac1 Bd5 14. Qb4 Bxg2
15. Kxg2 Qd7 16. Rfd1 Na6 17. Qc3 f4 18. Ne5 Qd5+ 19. Qf3 Rad8 20. Qxd5+ Rxd5
21. gxf4 Rxf4 22. e3 Rf8 23. f4 g5 24. fxg5 Bxe5 25. dxe5 Rfd8 26. Rd4 c5 27.
Rxd5 Rxd5 28. Bc3 Kf7 29. Kf3 Ke6 30. Ke4 Nc7 31. a4 Rd8 32. Rg1 Nd5 33. Bd2 Nc7
34. Bc1 Nd5 35. Bd2 Nc7 36. Bc1 Nd5 37. Bb2 Nc7 38. g6 hxg6 39. Rxg6+ Kf7 40.
Rh6 Rd2 41. Bc3 Rc2 42. Rh7+ Ke6 43. Be1 c4 44. Bh4 Kd7 45. bxc4 Rxc4+ 46. Kd3
Rxa4 47. Bxe7 Ke6 48. Bd6 Nd5 49. e4 Nb4+ 50. Ke3 Nc6 51. Kf4 Ra1 52. Rh6+ Kd7
53. h4 Rf1+ 54. Ke3 Nd8 55. h5 Ne6 56. Rh7+ Kc6 57. Re7 Ng5 58. h6 Rf3+ 59. Kd4
Rh3 60. Rc7+ Kb6 61. Rg7 Ne6+ 62. Kd5 Nf4+ 63. Kc4 Rxh6 64. Be7 Rc6+ 65. Kb3 Ne6
66. Rf7 a5 67. Rf6 Kb5 68. Bd6 Nd4+ 69. Kb2 Rc2+ 70. Kb1 Re2 71. Bc7 Rxe4 72.
Rb6+ Kc4 73. Rxb7 Re1+ 74. Ka2 Re2+ 75. Rb2 Rxb2+ 76. Kxb2 1/2-1/2

[Event "European Rapid 2015"]
[Site "Minsk BLR"]
[Date "2015.12.19"]
[Round "3.26"]
[White "Kochetkov, German"]
[Black "Demidov, Mikhail"]
[Result "1-0"]
[WhiteTitle "IM"]
[BlackTitle "IM"]
[WhiteElo "2338"]
[BlackElo "2485"]
[WhiteFideId "13500635"]
[BlackFideId "4197143"]
[EventDate "2015.12.19"]

1. f4 b6 2. e4 Bb7 3. d3 e6 4. Nf3 d5 5. e5 c5 6. c3 Ne7 7. Na3 Nf5 8. Nc2 Nc6
9. g3 d4 10. c4 h5 11. Bd2 g5 12. Bg2 g4 13. Ng5 Qc7 14. Kf2 O-O-O 15. a3 h4 16.
Qxg4 Bh6 17. Rae1 Bxg5 18. fxg5 Nxe5 19. Rxe5 hxg3+ 20. hxg3 Rxh1 21. Bxh1 Bxh1
22. Bf4 Qc6 23. Ne1 Ne7 24. b4 Ng6 25. Re2 Rh8 26. b5 Qd7 27. Kg1 Bb7 28. Nf3
Qe8 29. Nh4 Qg8 30. Rh2 Qh7 31. Qe2 Nxf4 32. gxf4 Qg7 33. Kf1 Kd7 34. Ke1 a6 35.
bxa6 Bxa6 36. Qe4 b5 37. cxb5 Bc8 38. Qc6+ Kd8 39. Qb6+ Ke8 40. Qxc5 Bb7 41. Qd6
Bd5 42. b6 Qf8 43. Qb8+ Kd7 44. Qc7+ Ke8 45. b7 Bxb7 46. Qb8+ Kd7 47. Qxb7+ Kd6
48. Qb4+ Kd5 49. Qc4+ Kd6 50. Qxd4+ 1-0

[Event "European Rapid 2015"]
[Site "Minsk BLR"]
[Date "2015.12.19"]
[Round "3.27"]
[White "Dolzhykova, Kateryna"]
[Black "Chigaev, Maksim"]
[Result "0-1"]
[WhiteTitle "WIM"]
[BlackTitle "IM"]
[WhiteElo "2247"]
[BlackElo "2526"]
[WhiteFideId "14113414"]
[BlackFideId "4108116"]
[EventDate "2015.12.19"]

1. e4 c6 2. d4 d5 3. Nd2 dxe4 4. Nxe4 Bf5 5. Ng3 Bg6 6. Nh3 e6 7. Nf4 Qh4 8. c4
Bb4+ 9. Bd2 Bxd2+ 10. Qxd2 Nf6 11. Be2 O-O 12. Nxg6 hxg6 13. O-O Nbd7 14. Bf3
Rad8 15. Qc3 Rfe8 16. Rfe1 Qf4 17. Rad1 Nf8 18. b4 Qc7 19. a4 N8h7 20. Qe3 Rc8
21. Qe5 Red8 22. h4 Nf8 23. a5 a6 24. Nf1 Qe7 25. Qc5 Qc7 26. Qe5 Rd6 27. c5 Rd7
28. Qxc7 Rdxc7 29. Ne3 Rd8 30. Nc4 Ne8 31. Nb6 Nh7 32. g3 Nhf6 33. Bg2 Kf8 34.
f4 Re7 35. Bf3 Nc7 36. Rd2 Nb5 37. Red1 Nd5 38. Bxd5 exd5 39. Na4 f6 40. Kf2
Rde8 41. Rd3 Re2+ 42. Kf3 f5 43. g4 Nxd4+ 44. Kg3 R8e3+ 45. Rxe3 Rxe3+ 46. Kf2
Re2+ 47. Kf1 Re4 48. gxf5 Rxf4+ 49. Kg2 Nxf5 50. Nb6 Ne3+ 51. Kg3 Rxb4 52. Re1
Nf5+ 53. Kg2 Nxh4+ 54. Kh3 Nf5 55. Nd7+ Kf7 56. Ne5+ Kf6 57. Ng4+ Kg5 58. Rg1
Rb3+ 59. Kh2 Kh4 60. Nf2 Rb2 61. Rg4+ Kh5 62. Kh3 Rb3+ 63. Kh2 Rf3 64. Kg2 Rxf2+
65. Kh3 Rh2+ 0-1

[Event "European Rapid 2015"]
[Site "Minsk BLR"]
[Date "2015.12.19"]
[Round "3.28"]
[White "Goganov, Aleksey"]
[Black "Savitski, Andrei"]
[Result "1-0"]
[WhiteTitle "GM"]
[WhiteElo "2597"]
[BlackElo "2149"]
[WhiteFideId "24109959"]
[BlackFideId "13506161"]
[EventDate "2015.12.19"]

1. c4 c6 2. Nf3 d5 3. e3 Nf6 4. d4 Bg4 5. h3 Bxf3 6. Qxf3 e6 7. Nc3 g6 8. Bd3
Bg7 9. O-O O-O 10. Rd1 Nbd7 11. Qe2 Re8 12. Qc2 Qc7 13. Bd2 Rad8 14. Be1 dxc4
15. Bxc4 e5 16. dxe5 Nxe5 17. Be2 Rxd1 18. Rxd1 Rd8 19. Rxd8+ Qxd8 20. f4 Ned7
21. e4 Nc5 22. e5 Nfd7 23. Bf2 Ne6 24. Qd2 Bh6 25. Be3 Nxe5 26. Qxd8+ Nxd8 27.
g4 Nd7 28. g5 Bf8 29. Bxa7 Ne6 30. Be3 Bd6 31. Bg4 Ndc5 32. Bxe6 Nxe6 33. Ne2
Ng7 34. Kg2 Nf5 35. Bb6 h6 36. gxh6 Nxh6 37. Kf3 Nf5 38. Nc3 Kf8 39. Ne4 Nh4+
40. Kg3 Nf5+ 41. Kg4 Be7 42. Kf3 Ke8 43. a4 Kd7 44. b3 Ke6 45. Bf2 Kd5 46. Nc3+
Ke6 47. Ke4 Nd6+ 48. Kf3 Bf6 49. Nd1 Nf5 50. Ke4 Nd6+ 51. Kf3 Nf5 52. Ke4 Ne7
53. Ne3 Nd5 54. Nc4 Bd8 55. Bd4 Bc7 56. Be5 f5+ 57. Kf3 Bxe5 58. Nxe5 g5 59. Nd3
Kf6 60. fxg5+ Kxg5 61. Nf4 Nc7 62. Kg3 Na6 63. h4+ Kf6 64. Nd3 b5 65. Kf4 bxa4
66. bxa4 c5 67. Ne5 Ke6 68. h5 Nc7 69. h6 Nd5+ 70. Kf3 Nf6 71. a5 Kd6 72. Nc4+
Kd5 73. a6 1-0

[Event "European Rapid 2015"]
[Site "Minsk BLR"]
[Date "2015.12.19"]
[Round "3.29"]
[White "Maljush, Andrej"]
[Black "Belous, Vladimir"]
[Result "1/2-1/2"]
[BlackTitle "GM"]
[WhiteElo "2285"]
[BlackElo "2557"]
[WhiteFideId "13500724"]
[BlackFideId "4174003"]
[EventDate "2015.12.19"]

1. e4 c5 2. Nc3 Nc6 3. g3 g6 4. Bg2 Bg7 5. f4 d6 6. Nf3 Nf6 7. O-O Bg4 8. h3
Bxf3 9. Bxf3 O-O 10. d3 Nd4 11. Bg2 Rb8 12. a4 a6 13. Ne2 Nd7 14. c3 Nxe2+ 15.
Qxe2 b5 16. axb5 axb5 17. Be3 b4 18. Qd2 Qb6 19. d4 Rfc8 20. e5 bxc3 21. bxc3
Qb3 22. dxc5 Nxc5 23. Ra7 Qe6 24. exd6 Nb3 25. Bd5 Nxd2 26. Bxe6 fxe6 27. Bxd2
exd6 28. Rf3 Rb1+ 29. Kf2 Rh1 30. Rd3 d5 31. Kg2 Rd1 32. Kf3 h5 33. Ra6 Kf7 34.
Ra7+ Kf8 35. Ra6 Kf7 36. Ra7+ Kg8 37. Ra6 Re8 38. Ke2 Rh1 39. h4 Rh2+ 40. Kf3
Kf7 41. Ra7+ Re7 42. Rxe7+ Kxe7 43. Be3 Rc2 44. Bd4 Bxd4 45. cxd4 Kf6 46. g4 Rh2
47. Kg3 Re2 48. Ra3 Re4 49. Ra4 Re3+ 50. Kf2 Rh3 51. gxh5 gxh5 52. Ra8 Rxh4 53.
Kg3 Rh1 54. Rf8+ Kg6 55. Re8 Kf5 56. Rf8+ Kg6 57. f5+ Kg7 58. Re8 h4+ 59. Kg2
Re1 60. fxe6 Kf6 61. Rd8 Re2+ 62. Kf3 1/2-1/2

[Event "European Rapid 2015"]
[Site "Minsk BLR"]
[Date "2015.12.19"]
[Round "3.30"]
[White "Andriasian, Zaven"]
[Black "Pavlidis, Anastasios"]
[Result "1-0"]
[WhiteTitle "GM"]
[BlackTitle "IM"]
[WhiteElo "2594"]
[BlackElo "2410"]
[WhiteFideId "13302000"]
[BlackFideId "4208404"]
[EventDate "2015.12.19"]

1. e4 c5 2. Nf3 d6 3. d4 cxd4 4. Nxd4 Nf6 5. Nc3 g6 6. Be2 Bg7 7. O-O O-O 8. Bg5
Bd7 9. Re1 Nc6 10. Nb3 Re8 11. Bf1 Be6 12. Nd5 Nd7 13. c3 Nc5 14. Qd2 Bd7 15.
Nxc5 dxc5 16. Rad1 Be6 17. Qe3 Qa5 18. a3 Bxd5 19. exd5 Ne5 20. Qg3 Qb6 21. a4
f6 22. Bc1 a6 23. f4 Nf7 24. Qf2 Qa5 25. Rd3 Nd6 26. Rde3 Kf8 27. Rh3 Kg8 28.
Qe3 Rf8 29. b3 Rf7 30. Bd2 Rc8 31. c4 Qb6 32. a5 Qc7 33. Bd3 f5 34. Kh1 Ne8 35.
Qe2 Nf6 36. Rf3 Ne8 37. h3 Nd6 38. Re3 Bf6 39. Re6 Bh4 40. Rg1 Bf6 41. g4 Bd4
42. Re1 Re8 43. g5 Bg7 44. h4 Bf8 45. h5 gxh5 46. Qxh5 Qd7 47. Rg1 Ne4 48. Bxe4
fxe4 49. g6 hxg6 50. Rexg6+ Bg7 51. Bc3 e5 52. dxe6 1-0

[Event "European Rapid 2015"]
[Site "Minsk BLR"]
[Date "2015.12.19"]
[Round "3.31"]
[White "Novitzkij, Dmitrij"]
[Black "Rozum, Ivan"]
[Result "0-1"]
[WhiteTitle "IM"]
[BlackTitle "GM"]
[WhiteElo "2317"]
[BlackElo "2559"]
[WhiteFideId "13500619"]
[BlackFideId "24104272"]
[EventDate "2015.12.19"]

1. e4 c5 2. Nc3 a6 3. g3 b5 4. Bg2 Bb7 5. d3 e6 6. f4 Nf6 7. Nf3 d5 8. e5 Nfd7
9. O-O Be7 10. a4 b4 11. Ne2 Nc6 12. Be3 Qc7 13. Qd2 a5 14. c4 bxc3 15. bxc3 Ba6
16. g4 O-O 17. Ng3 Rab8 18. Rfb1 Rxb1+ 19. Rxb1 Rb8 20. Rxb8+ Qxb8 21. Qc2 c4
22. dxc4 Bxc4 23. Nd2 Ba6 24. c4 Nb4 25. Qb3 Nc5 26. Bxc5 Bxc5+ 27. Kh1 dxc4 28.
Nxc4 Qd8 29. Nd6 Bxd6 30. exd6 Qxd6 31. f5 Qd4 32. Qf3 Nd5 33. fxe6 fxe6 34. Qe4
Qa1+ 35. Bf1 Kf7 36. Kg1 Nf6 37. Qf4 e5 38. Qf2 Bxf1 39. Nxf1 Qxa4 40. Ne3 Qf4
41. Qa2+ Kg6 42. Qe2 a4 43. Kg2 a3 44. h3 a2 0-1

[Event "European Rapid 2015"]
[Site "Minsk BLR"]
[Date "2015.12.19"]
[Round "3.32"]
[White "Romanov, Evgeny"]
[Black "Dubrovin, Robert"]
[Result "1-0"]
[WhiteTitle "GM"]
[WhiteElo "2590"]
[BlackElo "2223"]
[WhiteFideId "4148843"]
[BlackFideId "4501829"]
[EventDate "2015.12.19"]

1. d4 d5 2. Nf3 Nf6 3. c4 e6 4. Nc3 Be7 5. Bf4 O-O 6. Qc2 c5 7. dxc5 Bxc5 8. e3
Nc6 9. Rd1 Qa5 10. Be2 h6 11. O-O Be7 12. a3 dxc4 13. Bxc4 Qc5 14. Ba2 a6 15.
Bb1 Qh5 16. Bg3 g6 17. Qe2 b5 18. e4 Bb7 19. e5 Nh7 20. Rd7 Rab8 21. Be4 Rfc8
22. Bxc6 Bxc6 23. Rxe7 Ra8 24. Nd4 Qxe2 25. Ncxe2 Kf8 26. Nxc6 Rxc6 27. Rb7 Rc2
28. Nd4 Rxb2 29. Nxe6+ Kg8 30. Nc7 Rc8 31. e6 Ra8 1-0

[Event "European Rapid 2015"]
[Site "Minsk BLR"]
[Date "2015.12.19"]
[Round "3.33"]
[White "Fedorov, Alexei"]
[Black "Meribanov, Vitaly"]
[Result "1-0"]
[WhiteTitle "GM"]
[BlackTitle "IM"]
[WhiteElo "2563"]
[BlackElo "2392"]
[WhiteFideId "13500465"]
[BlackFideId "13504363"]
[EventDate "2015.12.19"]

1. e4 e5 2. Nf3 Nc6 3. Bb5 a6 4. Ba4 Nf6 5. O-O Be7 6. Qe2 b5 7. Bb3 d6 8. c3
O-O 9. h3 Na5 10. Bc2 c5 11. d4 Qc7 12. d5 Bd7 13. b3 g6 14. Bh6 Rfe8 15. Nbd2
Bf8 16. Qe3 Nh5 17. g4 Nf4 18. Bxf4 exf4 19. Qxf4 Bg7 20. Qe3 f5 21. gxf5 Bxf5
22. Kh2 b4 23. c4 Bxa1 24. Rxa1 Qg7 25. Rg1 Nb7 26. Nh4 Bd7 27. f4 Qh6 28. Qg3
Rf8 29. Ng2 a5 30. Nf3 a4 31. Ng5 axb3 32. axb3 Ra2 33. Ne3 Nd8 34. Rg2 Nf7 35.
Ne6 Bxe6 36. dxe6 Nh8 37. f5 Qg7 38. Qxd6 1-0

[Event "European Rapid 2015"]
[Site "Minsk BLR"]
[Date "2015.12.19"]
[Round "3.34"]
[White "Mikhalevski, Victor"]
[Black "Fomin, Taras"]
[Result "1-0"]
[WhiteTitle "GM"]
[WhiteElo "2535"]
[BlackElo "2312"]
[WhiteFideId "2801914"]
[BlackFideId "4120604"]
[EventDate "2015.12.19"]

1. Nf3 d5 2. g3 Nf6 3. Bg2 c6 4. c4 Nbd7 5. O-O e5 6. d3 Bd6 7. cxd5 cxd5 8. Nc3
O-O 9. Bd2 a6 10. Rc1 d4 11. Nb1 Re8 12. Na3 Nf8 13. Nc4 Bc7 14. Qb3 Rb8 15. Qa3
Nd5 16. Na5 h6 17. b4 Ng6 18. Rc2 Be6 19. Rfc1 Qd7 20. Qb2 Rec8 21. Ne1 Bd8 22.
a3 Rxc2 23. Qxc2 Bg5 24. Nf3 Bxd2 25. Nxd2 Nc3 26. Ne4 b6 27. Nc6 Rc8 28. Nxc3
dxc3 29. Qxc3 Bd5 30. Bxd5 Qxd5 31. Qc4 Qd6 32. a4 b5 33. axb5 axb5 34. Qxb5 e4
35. dxe4 Qd2 36. Qc4 Kh7 37. b5 Ne5 38. Qc2 Qd7 39. Qc3 Ng4 40. Qd3 Qc7 41. e5+
g6 42. Rc5 Ra8 43. h3 Ra1+ 44. Kg2 Qb6 45. Qc4 1-0

[Event "European Rapid 2015"]
[Site "Minsk BLR"]
[Date "2015.12.19"]
[Round "3.35"]
[White "Harutjunyan, Gevorg"]
[Black "Krupko, Alexey"]
[Result "1-0"]
[WhiteTitle "GM"]
[BlackTitle "FM"]
[WhiteElo "2436"]
[BlackElo "2274"]
[WhiteFideId "13300873"]
[BlackFideId "14114259"]
[EventDate "2015.12.19"]

1. e4 e6 2. Nf3 d5 3. e5 Bd7 4. d4 c5 5. dxc5 Bxc5 6. Bd3 Nc6 7. O-O Nge7 8. a3
Ng6 9. b4 Bb6 10. Bb2 Bc7 11. Re1 Qb8 12. Nc3 a6 13. b5 Ncxe5 14. Nxd5 Nxf3+ 15.
Qxf3 O-O 16. Bxg6 exd5 17. Bd3 Bxb5 18. Qg4 f6 19. Re7 Rf7 20. Bxh7+ Kf8 21.
Rxf7+ Kxf7 22. a4 Be8 23. Bg6+ Kf8 24. Re1 Bxg6 25. Qxg6 Bxh2+ 26. Kh1 Be5 27.
Bxe5 fxe5 28. Qf5+ Kg8 29. Qe6+ Kh7 30. Re3 g6 31. Rh3+ 1-0

[Event "European Rapid 2015"]
[Site "Minsk BLR"]
[Date "2015.12.19"]
[Round "3.36"]
[White "Arshaev, Ajush"]
[Black "Kryakvin, Dmitry"]
[Result "1/2-1/2"]
[BlackTitle "GM"]
[WhiteElo "2152"]
[BlackElo "2529"]
[WhiteFideId "4107780"]
[BlackFideId "4153278"]
[EventDate "2015.12.19"]

1. d4 Nf6 2. c4 g6 3. Nc3 Bg7 4. e4 d6 5. Be2 O-O 6. Be3 Na6 7. Nf3 e5 8. d5 c6
9. Nd2 c5 10. a3 Ne8 11. g4 Bf6 12. Nf1 Bg5 13. Qd2 Bxe3 14. Qxe3 Ng7 15. Rg1
Bd7 16. Qh6 Qe7 17. Ne3 f6 18. Rg3 Rf7 19. Kd2 Qf8 20. Rag1 Ne8 21. Qxf8+ Kxf8
22. Rb1 b6 23. Bd3 Ke7 24. h4 Ng7 25. Rbg1 Nc7 26. b4 Na6 27. b5 Nc7 28. a4 a6
29. Bc2 Rff8 30. Rh1 h6 31. h5 g5 32. Rb1 Rfb8 33. Rgg1 a5 1/2-1/2